| 000 | 00334nam a22001337a 4500 | ||
|---|---|---|---|
| 008 | 171025b xxu||||| |||| 00| 0 eng d | ||
| 020 | _a0471047547 | ||
| 041 | _aeng | ||
| 080 | _a311 | ||
| 100 | _a55 | ||
| 101 | _aSTA | ||
| 245 |
_aPROBALITY AND STATISTICS IN ENGINERING AND MANAGEMENT SCIENCE _cHINES.W.W |
||
| 942 |
_2udc _cBK |
||
| 999 |
_c35837 _d35837 |
||